000 00613cad a22002175a 4500
001 L160061
008 150226s2018 xxk f 000 0 eng d
035 _a(Sirsi) u160061
041 0 _aeng
100 1 _aHooper, Brendon
_96168
245 0 0 _aHeart is in the groove
260 _c2018
490 _aModus
_vMay 2018, 32-33(2)
520 _aLooks at the increased interest in Berlin's office market.
590 _aKA
650 2 4 _aPROPERTY-COMMERCIAL PROPERTY-OFFICE PROPERTY-OFFICE PROPERTY MARKET
650 2 4 _aOFFICE PROPERTY
651 4 _aBERLIN
690 _aCommercial property
_96227
942 _n0
999 _c85169
_d85169